000 00569nmm a2200169Ia 4500
008 251105s9999||||xx |||||||||||||||||und||
020 _a9781939594181
041 _aeng
100 _aGuaracino, Jeff
245 0 _aHandbook of LGBT Tourism and Hospitality :
_b A Guide for Business Practice
264 _a[Washington, Estados Unidos] :
_bHarrington Park Press, LLC,
_c[Fecha de publicación no identificada]
300 _a0 pƔginas
700 _aGuaracino, Jeff
700 1 _a Salvato, Ed
856 _uhttps://public.digitaliapublishing.com/a/73487
942 _cCF
999 _c66519
_d66519